Estadísticas para Masa Atómica, Tabla Periódica

Haz click aquí para intentar la prueba.

Estadísticas generales

  • Esta prueba ha sido intentada 120 veces
  • La puntuación promedio es 6 de 118

Estadísticas de respuestas

N° atómicoElementoMasa atómica% Correcto
1Hidrógeno1,0
96%
6
Carbono
12,0
42%
2Helio4,0
42%
7Nitrógeno14,0
33%
8Oxigeno15,9
33%
4Berilio9,0
29%
5Boro10,8
25%
3Litio6,9
25%
9Flúor19,0
17%
10Neón20,2
13%
11Sodio23,0
13%
12Magnesio24,3
13%
16Azúfre32,1
13%
17Cloro35,5
13%
13Aluminio27,0
8%
14Silicio28,1
8%
15Fósforo31,0
8%
19Potasio39,1
8%
18Argón39,9
8%
20Calcio40,1
8%
21Escandio45,0
8%
22Titanio47,9
8%
23Vanadio50,9
8%
24Cromo52,0
8%
25Manganeso54,9
8%
26Hierro55,8
8%
28Niquel58,7
8%
27Cobalto58,9
8%
29Cobre63,5
8%
30Zinc65,4
8%
31Galio69,7
8%
32Germanio72,6
8%
44Rutenio101,1
4%
45Rodio102,9
4%
46Paladio106,4
4%
47Plata107,9
4%
48Cadmio112,4
4%
50Estaño118,7
4%
49Indio118,7
4%
33Arsenico74,9
4%
34Selenio79,0
4%
35Bromo79,9
4%
36Kriptón83,8
4%
37Rubidio85,5
4%
38Estroncio87,6
4%
39Ytrio88,9
4%
40circonio91,2
4%
41Niobio92,9
4%
42Molibdeno95,9
4%
43Tecnecio99,0
4%
51Antimonio121,8
0%
53Iodo126,9
0%
52Teluro127,6
0%
54Xenón131,3
0%
55Cesio132,9
0%
56Bario137,3
0%
57Lantano138,9
0%
58Cerio140,1
0%
59Praseodimio140,9
0%
60Neodimio144,2
0%
61Prometio147,0
0%
62Samario150,3
0%
63Europio152,0
0%
64Gadolinio157,2
0%
65Terbio158,9
0%
66Disprosio162,5
0%
67Holmio164,9
0%
68Erbio167,3
0%
69Tulio168,9
0%
70Iterbio173,0
0%
71Lutecio175,0
0%
72Hafnio178,5
0%
73Tantalo180,9
0%
74Wolframio183,8
0%
75Renio186,2
0%
76Osmio190,2
0%
77Iridio192,2
0%
78Platino195,1
0%
79Oro197,0
0%
80Mercurio200,6
0%
81Talio204,4
0%
82Plomo207,2
0%
83Bismuto209,2
0%
84Polonio210,0
0%
85Astato210,0
0%
86Radón222,0
0%
89Actinio227,0
0%
91Protactineo231,0
0%
90Torio232,0
0%
87Francio233,0
0%
93Neptunio237,0
0%
92Uranio238,0
0%
94Plutonio242,0
0%
95Americio243,0
0%
96Curio247,0
0%
97Berquelio247,0
0%
98Californio251,0
0%
99Einstenio252,0
0%
101Mendelevio256,0
0%
100Fermio257,0
0%
102Nobelio259,0
0%
104Rutherfordio261,1
0%
103Lawrencio262,0
0%
105Dubnio262,2
0%
106Seaborgio263,1
0%
107Bohrio264,1
0%
88Radio266,0
0%
109Meitnerio268,0
0%
110Damstatio271,0
0%
111Roentgenio272,0
0%
108Hassio277,0
0%
113Nihonio284,0
0%
112Copernicio285,0
0%
115Moscovio288,0
0%
114Flerovio289,0
0%
116Livermorio292,0
0%
117Teneso294,0
0%
118Oganesón294,0
0%

Distribución de puntuación

Porcentaje por número respondido

Porcentaje de gente con cada puntuación

Historial de tus puntuaciones

No has intentado esta prueba.